Statistics for Starý muž - Texty písní

Click here to take the quiz!

General Stats

  • This quiz has been taken 11 times
  • The average score is 73 of 126

Answer Stats

Slova% Correct
muž
100%
starý
100%
a
80%
80%
80%
budu
80%
milovat
80%
mladé
80%
mužem
80%
pít
80%
staré
80%
starým
80%
u
80%
víno
80%
číst
60%
džbánku
60%
jako
60%
jist
60%
knihy
60%
štětec
60%
tuš
60%
60%
vázanku
60%
ze
60%
byt
40%
koho
40%
konečně
40%
koupím
40%
lisovat
40%
pergamen
40%
rádio
40%
si
40%
ti
40%
vody
40%
asi
20%
Avion
20%
břeh
20%
černý
20%
chci
20%
čínský
20%
jdou
20%
jedno
20%
kam
20%
kavárny
20%
kdo
20%
lahodné
20%
lidi
20%
místo
20%
mít
20%
mlčet
20%
mlčí
20%
mudrc
20%
na
20%
oblek
20%
okna
20%
pořídím
20%
pozorovat
20%
řeky
20%
sednu
20%
šedou
20%
svoje
20%
tím
20%
vědí
20%

Score Distribution

Percentile by Number Answered

Percent of People with Each Score

Your Score History

You have not taken this quiz